000 00387nam a2200145Ia 4500
008 240624s9999 xx 000 0 und d
041 _aeng
082 _a658.162 MEL
100 _aMELLEN CHRIS M
245 _aVALUATION FOR M A BUILDING VALUE IN PRIV
250 _a(2nd ed.)
260 _c2010
_aNew Jersey
_bJohn Wiley and Sons
300 _axv, : 383 : p. : cm. ; 23
365 _c
_b27
999 _c16936
_d16936